000 00548nam a2200181Ia 4500
008 100920s9999 xx 000 0 und d
082 _b49444
_a891.463.1 थ 81
100 _aबोराडे रा. रं.
245 _aमाळरान.
260 _bश्रीविशाखा प्रकाशन, पुणे 30.
_c1981
300 _a132
_bसाधी
365 _b16
520 _aलघुकथा.
630 _aमाळरान.
650 _aलघुकथा.
730 _aमाळरान.
942 _cBOOK
999 _c696046
_d696043